000 00584nam a22002297a 4500
003 UA-OsUOA
001 95391
007 ta
008 20130227b un ||||| |||| 00| 0 ukr d
100 _aЗамойский П.
090 _a821.161.1
_bЗ-26
942 _cBK
040 _aUA-OsUOA
_brus
_cUA-OsUOA
_dUA-OsUOA
245 _aПодпасок
_bповесть
300 _a294 с.
955 _a3
041 _arus
080 _a821.161.1
260 _aМ.
_bГИХЛ
_c1953
650 7 _a82 Література. Літературознавство
_2UDC
999 _c381642
_d381642